| 000 -LEADER |
| fixed length control field |
00679nam a22001697a 4500 |
| 005 - DATE AND TIME OF LATEST TRANSACTION |
| control field |
20251009162427.0 |
| 008 - FIXED-LENGTH DATA ELEMENTS--GENERAL INFORMATION |
| fixed length control field |
251009s1978 ru ||||| |||| 00| 0 rus d |
| 041 ## - LANGUAGE CODE |
| Language code of text/sound track or separate title |
rus |
| 080 ## - UNIVERSAL DECIMAL CLASSIFICATION NUMBER |
| Universal Decimal Classification number |
611(084.4) C-38 |
| 100 ## - MAIN ENTRY--PERSONAL NAME |
| Personal name |
Синельников, Р.Д. |
| 9 (RLIN) |
26008 |
| 245 ## - TITLE STATEMENT |
| Title |
Атлас анатомии человека : |
| Remainder of title |
Том 1. Учение о костях, суставах, связках и мышцах / |
| Statement of responsibility, etc. |
Р.Д. Синельников. |
| 250 ## - EDITION STATEMENT |
| Edition statement |
Издание пятое |
| 264 ## - PRODUCTION, PUBLICATION, DISTRIBUTION, MANUFACTURE, AND COPYRIGHT NOTICE |
| Place of production, publication, distribution, manufacture |
Москва : |
| Name of producer, publisher, distributor, manufacturer |
Медицина, |
| Date of production, publication, distribution, manufacture, or copyright notice |
1978. |
| 300 ## - PHYSICAL DESCRIPTION |
| Extent |
472 стр.: |
| Other physical details |
илл.; |
| Dimensions |
27 см. |
| 653 ## - INDEX TERM--UNCONTROLLED |
| keyword |
ადამიანის ატლასი |
| 942 ## - ADDED ENTRY ELEMENTS (KOHA) |
| Source of classification or shelving scheme |
|
| Koha item type |
წიგნი |